Inbound marketing : get found using Google, social media, and blogs /

For decades marketers have interrupted their way into buyers' wallets with TV and radio advertising, cold calling, and email blasting. But this type of marketing is coming to an end, as buyers get more and more sophisticated about blocking interruptions using TiVo, Sirius Satellite Radio, spam...

Full description

Bibliographic Details
Main Author: Halligan, Brian, 1967-
Other Authors: Shah, Dharmesh, 1967-
Format: eBook
Language:English
Published: Hoboken, N.J. : Wiley, [2010]
Series:New rules of social media series.
Wiley Online Library.
Subjects:
Online Access:Connect to the full text of this electronic book

MARC

Tag First Indicator Second Indicator Subfields
LEADER 00000cam a2200000La 4500
001 in00002728421
005 20210727160153.0
006 m u
007 cr cn|||||||||
008 090528s2010 njua o 001 0 eng d
019 |a 496960118  |a 696034739  |a 768243539 
020 |a 0470499311 (Cloth) 
020 |a 1118257839 (electronic bk.) 
020 |a 6612306874 
020 |a 9780470499313 (Cloth) 
020 |a 9781118257838 (electronic bk.) 
020 |a 9786612306877 
020 |z 9780470499313 (cloth) 
035 |a (OCoLC)646879143  |z (OCoLC)496960118  |z (OCoLC)696034739  |z (OCoLC)768243539 
035 |a (OCoLC)ocn646879143 
035 |a 3953324 
037 |a 230687  |b MIL 
040 |a E7B  |b eng  |c E7B  |d CEF  |d OCLCQ  |d CDX  |d IDEBK  |d C7D  |d OCLCQ  |d DG1  |d TXA  |d UtOrBLW 
049 |a TXAM 
050 4 |a HF5415.1265  |b .H353 2010eb 
082 0 4 |a 658.8/72  |2 22 
100 1 |a Halligan, Brian,  |d 1967-  |0 http://id.loc.gov/authorities/names/n2009033299 
245 1 0 |a Inbound marketing :  |b get found using Google, social media, and blogs /  |c by Brian Halligan and Dharmesh Shah. 
264 1 |a Hoboken, N.J. :  |b Wiley,  |c [2010] 
264 4 |c ©2010 
300 |a 1 online resource (xxiii, 226 pages) :  |b illustrations 
336 |a text  |b txt  |2 rdacontent 
337 |a computer  |b c  |2 rdamedia 
338 |a online resource  |b cr  |2 rdacarrier 
490 1 |a The new rules of social media series 
500 |a Electronic resource. 
500 |a Includes index. 
505 0 |a Front Matter -- Inbound Marketing. Shopping Has Changed- Has Your Marketing? -- Is Your Web Site a Marketing Hub? -- Are You Worthy? -- Get Found by Prospects. Create Remarkable Content -- Get Found in the Blogosphere -- Getting Found in Google -- Get Found in Social Media -- Converting Customers. Convert Visitors into Leads -- Convert Prospects into Leads -- Convert Leads to Customers -- Make Better Decisions. Make Better Marketing Decisions -- Picking and Measuring Your People -- Picking and Measuring a PR Agency -- Watching Your Competition -- On Commitment, Patience and Learning -- Why Now? -- Tools and Resources -- Tips from the Trenches for Startups -- Index. 
520 |a For decades marketers have interrupted their way into buyers' wallets with TV and radio advertising, cold calling, and email blasting. But this type of marketing is coming to an end, as buyers get more and more sophisticated about blocking interruptions using TiVo, Sirius Satellite Radio, spam protection, and Do Not Call lists. Buyers are moving their shopping and learning to search engines, the blogosphere, and the social media web.Get Found exposes proven best practices required to leverage the changing nature of buyer behavior. Learn how to use social media to intrigue your best customers to come to you- "get found" online. In simple language, the book explains how to: a- make changes to your website so that it ranks higher for terms typed in by your target market Identify and engage bloggers so they drive their readership to your site to enter your sales funnel; b- start a blog that will become part of the 1% of blogs that succeed; c- effectively use LinkedIn, Facebook, Twitter, YouTube, and other social media sites; d- track your progress in search engines, the blogosphere, and social mediasphere and continually improve your strategy; and e- double-down on cost-effective sources of leads and divest cost-prohibitive sources. -- Description from http://www.textbooksrus.com (Oct. 17, 2011). 
588 |a Description based on print version record. 
630 0 0 |a Google.  |0 http://id.loc.gov/authorities/names/nr2003021731 
650 0 7 |a Marketing.  |2 swd 
650 0 7 |a World Wide Web 2.0.  |2 swd 
650 0 |a Customer relations.  |0 http://id.loc.gov/authorities/subjects/sh85034963 
650 0 |a Internet marketing.  |0 http://id.loc.gov/authorities/subjects/sh95005028 
650 0 |a Marketing  |v Blogs.  |0 http://id.loc.gov/authorities/subjects/sh2010003028 
650 0 |a Social media  |x Economic aspects.  |0 http://id.loc.gov/authorities/subjects/sh2010113589 
655 4 |a Electronic books. 
655 7 |a Electronic books.  |2 local 
700 1 |a Shah, Dharmesh,  |d 1967-  |0 http://id.loc.gov/authorities/names/n2009033302 
776 0 8 |i Print version:  |a Halligan, Brian, 1967-  |t Inbound marketing.  |d Hoboken, N.J. : Wiley, c2010  |w (DLC) 2009020145 
830 0 |a New rules of social media series.  |0 http://id.loc.gov/authorities/names/no2009163157 
830 0 |a Wiley Online Library. 
856 4 0 |u http://proxy.library.tamu.edu/login?url=https://dx.doi.org/10.1002/9781118257838  |z Connect to the full text of this electronic book  |t 0 
948 |a cataloged  |b h  |c 2012/1/23  |d c  |e jlanham  |f 1:03:34 pm 
994 |a C0  |b TXA 
999 |a MARS 
999 f f |s c6c81274-b079-3d55-bb55-fb1f13f87918  |i 39345013-5b42-3f5e-a7f0-dc5d252d2c09  |t 0 
952 f f |a Texas A&M University  |b College Station  |c Electronic Resources  |d Available Online  |t 0  |e HF5415.1265 .H353 2010eb  |h Library of Congress classification 
998 f f |a HF5415.1265 .H353 2010eb  |t 0  |l Available Online